[Event "A80"]
[Site "Cleanchess.com   INT"]
[Date "2018.02.14"]
[Round "6"]
[White "Ehlvest,J"]
[Black "Pruijssers,R"]
[Result "1-0"]
[WhiteElo "2536"]
[BlackElo "2536"]

1.Nf3 f5 2.d4 Nf6 3.c4 g6 4.e3 Bg7 5.b4 O-O 6.Be2 d6 7.Bb2 e6 8.O-O Qe7 9.Nbd2
Nbd7 10.Qb3 a5 11.a3 Kh8 12.c5 Nd5 13.cxd6 cxd6 14.bxa5 Rxa5 15.Nc4 Ra6 16.a4
N7f6 17.Nfd2 g5 18.Na3 Rc6 19.Nb5 g4 20.Ba3 Bh6 21.Rac1 Ne8 22.Nc4 Ra6 23.Rc2
f4 24.e4 f3 25.exd5 exd5 26.Ne5 fxe2 27.Rxe2 Qg7 28.Nd3 Bf5 29.Nb4 Ra8 30.Nxd5
Qg8 31.Nxd6 Nxd6 32.Bxd6 Be6 33.Be5+ Bg7 34.Bxg7+ Kxg7 35.Qxb7+ Kh8 36.Ne7 Qf7
37.d5 Bf5 38.Qb2+ Qg7 39.Nxf5 Rxf5 40.Qd2 Rd8 41.d6 Rf6 42.Rd1 h5 43.d7 Rff8
44.g3 h4 45.Re6 hxg3 46.hxg3 Kg8 47.Qd3 Rf6 48.Rxf6 Qxf6 49.Qd4 Qe6 50.a5 Kf7
51.Qf4+ Ke7 52.Qg5+ {#r} 1-0

[Event "A80"]
[Site "Cleanchess.com Lutsk UKR"]
[Date "2018.02.16"]
[Round "15.8"]
[White "Bordovsky,Vladimir"]
[Black "Khaetsky,R"]
[Result "0-1"]
[WhiteElo "2326"]
[BlackElo "2381"]

1.Nf3 f5 2.d4 Nf6 3.g3 g6 4.Bg2 Bg7 5.O-O O-O 6.Nbd2 Nc6 7.c3 d6 8.Qb3+ e6
9.Re1 Kh8 10.e4 e5 11.exf5 gxf5 12.Ng5 e4 13.Nf7+ Rxf7 14.Qxf7 d5 15.f3 Qd6
16.fxe4 fxe4 17.Nxe4 dxe4 18.Bf4 Be6 19.Qxc7 Qxc7 20.Bxc7 Bf5 21.Be5 Re8
22.Bxf6 Bxf6 23.Rf1 Nxd4 24.cxd4 Bxd4+ 25.Kh1 Bg6 26.Rad1 Bxb2 27.Rde1 e3
28.Rf3 Bd4 29.Rf4 Bc3 30.Re2 Bd3 31.Bf3 Bxe2 32.Bxe2 Rd8 33.Kg2 Rd2 34.Kf3 Bd4
35.Rf7 Rxa2 36.Rxb7 Bb6 37.Rd7 Rd2 38.Re7 Rd6 39.Ke4 Kg8 40.Bc4+ Kh8 41.Be2
Kg8 42.Bc4+ Kh8 43.Be2 Kg8 44.Bc4+ Kh8 45.Be2 Kg8 46.Bc4+ Kh8 47.Ke5 Rd4
48.Re8+ Kg7 49.Rg8+ Kh6 50.Ba6 Ra4 51.Be2 Ra2 52.Bc4 e2 53.Bxe2 Rxe2+ {#R} 0-1

[Event "A81"]
[Site "Cleanchess.com Neustadt an der Weinstrasse GER"]
[Date "2018.02.13"]
[Round "8.18"]
[White "Woellermann,J"]
[Black "Pogorelow,E"]
[Result "1-0"]
[WhiteElo "2375"]
[BlackElo "2213"]

1.d4 f5 2.g3 e6 3.Bg2 d5 4.c4 c6 5.Qc2 Bd6 6.Nh3 Nf6 7.Nf4 O-O 8.O-O Qe7 9.Nd2
g5 10.Nd3 g4 11.Nb3 Qg7 12.Bf4 Be7 13.Qc1 Rd8 14.Bh6 Qg6 15.Ne5 Qh5 16.Qg5+
Qxg5 17.Bxg5 Nbd7 18.Na5 Re8 19.Nd3 Kg7 20.Rfd1 h6 21.Bf4 Nh5 22.Bc7 Nhf6
23.Nf4 Kf7 24.Rab1 Rh8 25.b4 Ne8 26.Be5 Nxe5 27.dxe5 Bd8 28.c5 Bc7 29.Nd3 Rb8
30.f4 Bd7 31.Rdc1 h5 32.e3 Ng7 33.Nb3 Rhc8 34.a4 Bd8 35.Nd4 Be7 36.b5 a6
37.bxa6 bxa6 38.Bf1 a5 39.Kf2 Bd8 40.Be2 Bc7 41.Ne1 Rxb1 42.Rxb1 Ra8 43.Rb7
Ne8 44.h4 Ke7 45.Bd3 Kf7 46.Ke2 Ke7 47.Kd2 Kf7 48.Kc3 Ke7 49.Nec2 Kf7 50.Na3
Ke7 51.Bb1 Kf7 52.Bc2 Ke7 53.Bd3 Kf7 54.Rb1 Ke7 55.Rb7 Kf7 56.Kb2 Ke7 57.Ka2
Kf7 58.Rb2 Ke7 59.Nab5 cxb5 60.axb5 Rb8 61.b6 Bd8 62.Bb5 Bxb5 63.Rxb5 Kd7
64.c6+ Ke7 65.c7 Bxc7 66.Nc6+ Kd7 67.Nxb8+ Bxb8 68.Ka3 Kc6 69.Ka4 Nc7 70.bxc7
Bxc7 71.Rb3 d4 72.exd4 Bb6 73.d5+ exd5 74.Rc3+ Kd7 75.Kb5 Bf2 76.Rd3 a4
77.Rxd5+ Ke6 78.Rd6+ Ke7 79.Rd3 {#r} 1-0

[Event "A84"]
[Site "Cleanchess.com   INT"]
[Date "2018.02.14"]
[Round "6"]
[White "Sarana,A"]
[Black "Sadorra,J"]
[Result "0-1"]
[WhiteElo "2562"]
[BlackElo "2539"]

1.d4 e6 2.c4 f5 3.Nf3 Nf6 4.g3 d5 5.Bg2 Bd6 6.Bf4 O-O 7.Bxd6 cxd6 8.cxd5 Nxd5
9.O-O Bd7 10.Nc3 Bc6 11.Qb3 Nd7 12.Rac1 Qe7 13.e3 N7f6 14.Nd2 Rfc8 15.Nxd5
Bxd5 16.Bxd5 Nxd5 17.e4 fxe4 18.Nxe4 Qd7 19.Rfe1 Rxc1 20.Rxc1 a6 21.Re1 h6
22.f4 Kh8 23.Nd2 Rf8 24.Nf3 Qf7 25.Qa3 Rd8 26.Qd3 Qh5 27.Qe4 Rf8 28.Qe2 Qg4
29.Nh4 Qxe2 30.Rxe2 Rf6 31.Kg2 Kg8 32.Nf3 Kf7 33.h4 Ke7 34.h5 Rf5 35.Nh4 Rxh5
36.f5 Rxh4 37.Rxe6+ Kf7 38.Rxd6 Rxd4 39.Kf3 Rd1 40.g4 Nc3 41.Rb6 Rd3+ 42.Kf2
Ne4+ 43.Ke2 Rd7 44.Kf3 Nf6 45.a4 Ke7 46.b3 Kd8 47.Kf4 Nd5+ {#R} 0-1

[Event "A87"]
[Site "Cleanchess.com Lutsk UKR"]
[Date "2018.02.16"]
[Round "5.1"]
[White "Razin,V"]
[Black "Khaetsky,R"]
[Result "1-0"]
[WhiteElo "2379"]
[BlackElo "2381"]

1.d4 f5 2.Nf3 Nf6 3.g3 g6 4.Bg2 Bg7 5.O-O O-O 6.c4 d6 7.Nc3 a5 8.Qc2 Na6 9.a3
Qe8 10.Re1 e5 11.dxe5 dxe5 12.e4 Nc5 13.Nd2 f4 14.Nd5 Ne6 15.Nf3 fxg3 16.hxg3
Ng4 17.Rf1 c6 18.Nb6 g5 19.Nxa8 Qh5 20.Rd1 Nd4 21.Rxd4 exd4 22.Bxg5 d3 23.Qxd3
Rxf3 24.Qxf3 Qxg5 25.Rd1 Be6 26.b3 h5 27.Nc7 Ne5 28.Qf4 Qe7 29.Nxe6 Qxe6
30.Rd8+ Kh7 31.Qf5+ {#r} 1-0

[Event "A87"]
[Site "Cleanchess.com Lutsk UKR"]
[Date "2018.02.16"]
[Round "6.5"]
[White "Simantsev,M"]
[Black "Khaetsky,R"]
[Result "1-0"]
[WhiteElo "2486"]
[BlackElo "2381"]

1.d4 f5 2.c4 Nf6 3.Nc3 d6 4.Nf3 g6 5.g3 Bg7 6.Bg2 O-O 7.O-O Qe8 8.d5 a5 9.Rb1
Na6 10.Be3 Bd7 11.a3 a4 12.Nd4 Ng4 13.Bf4 Ne5 14.Bxe5 Bxe5 15.f4 Bg7 16.e4 Nc5
17.exf5 Bxd4+ 18.Qxd4 Bxf5 19.Rbd1 Bc2 20.Rde1 Qf7 21.Nb5 Rac8 22.Re3 Bf5
23.Rfe1 Rfe8 24.Nc3 c6 25.Qd1 cxd5 26.Bxd5 e6 27.Bg2 h5 28.Nxa4 Qc7 29.Nc3
Rcd8 30.h3 e5 31.Nd5 Qg7 32.fxe5 dxe5 33.Kh2 Be6 34.b4 Bxd5 35.Bxd5+ Ne6
36.Rxe5 {#r} 1-0

[Event "A90"]
[Site "Cleanchess.com   INT"]
[Date "2018.02.14"]
[Round "6"]
[White "Brown,Michael William"]
[Black "Stopa,Ja"]
[Result "1-0"]
[WhiteElo "2506"]
[BlackElo "2427"]

1.d4 e6 2.Nf3 f5 3.g3 Nf6 4.Bg2 d5 5.O-O Bd6 6.c4 c6 7.b3 Qe7 8.Bb2 O-O 9.Nbd2
Nbd7 10.Ne5 a5 11.Nd3 b6 12.Rc1 Bb7 13.Nf3 dxc4 14.bxc4 c5 15.e3 Rac8 16.Qb3
Be4 17.Rfd1 cxd4 18.exd4 f4 19.Re1 a4 20.Qd1 a3 21.Ba1 Qf7 22.Ng5 {#r} 1-0

[Event "A95"]
[Site "Cleanchess.com Lutsk UKR"]
[Date "2018.02.16"]
[Round "13.4"]
[White "Matviishen,Viktor"]
[Black "Razin,V"]
[Result "0-1"]
[WhiteElo "2439"]
[BlackElo "2379"]

1.d4 e6 2.c4 d5 3.Nc3 f5 4.Nf3 Nf6 5.g3 Be7 6.Bg2 O-O 7.O-O c6 8.b3 Nbd7 9.a4
Ne4 10.Qc2 a5 11.Ba3 g5 12.Bxe7 Qxe7 13.Ne1 Qg7 14.e3 g4 15.Nd3 h5 16.Ne2 h4
17.Nef4 Qh6 18.Rfe1 Ng5 19.cxd5 exd5 20.Nxd5 cxd5 21.Bxd5+ Kh8 22.Nf4 Nf6
23.Qc5 Nxd5 24.Ng6+ Qxg6 25.Qxf8+ Kh7 26.Rec1 Qe6 27.Qd8 Nf3+ 28.Kf1 b6
29.Rc7+ Nxc7 30.Qxc7+ Kg6 31.Rc1 Ba6+ 32.Kg2 Rc8 33.Rc6 Qxc6 {#R} 0-1

[Event "B00"]
[Site "Cleanchess.com Lutsk UKR"]
[Date "2018.02.16"]
[Round "4.7"]
[White "Bordovsky,Vladimir"]
[Black "Ianov,V"]
[Result "1-0"]
[WhiteElo "2326"]
[BlackElo "2292"]

1.e4 d6 2.d4 Nf6 3.Nc3 c6 4.Bg5 Qb6 5.Qd2 Qxb2 6.Rb1 Qa3 7.e5 dxe5 8.dxe5 Nfd7
9.e6 fxe6 10.Nf3 Nf6 11.Bd3 Nbd7 12.O-O Nc5 13.Rfe1 g6 14.Ne5 Qa5 15.Nxg6 Nxd3
16.Qxd3 Qxg5 17.Nxh8 Bg7 18.Rbd1 Bd7 19.Ne4 Nxe4 20.Qxd7+ Kf8 21.Qd8+ {#r} 1-0

[Event "B00"]
[Site "Cleanchess.com Newcastle ENG"]
[Date "2018.02.17"]
[Round "7.6"]
[White "Gormally,D"]
[Black "Macklin,Paul"]
[Result "1-0"]
[WhiteElo "2483"]
[BlackElo "2307"]

1.e4 Nc6 2.Nf3 d6 3.d4 Nf6 4.Nc3 g6 5.h3 Bg7 6.Be3 O-O 7.Bd3 e5 8.dxe5 Nxe5
9.O-O Nxd3 10.cxd3 b6 11.Qd2 Re8 12.Bh6 Bh8 13.Ng5 Bb7 14.f4 d5 15.e5 d4
16.Nce4 Nxe4 17.dxe4 Qd7 18.f5 Rxe5 19.fxg6 fxg6 20.Qb4 Bg7 21.Rf7 Qxf7
22.Nxf7 Kxf7 {#r} 1-0

[Event "B00"]
[Site "Cleanchess.com Lutsk UKR"]
[Date "2018.02.18"]
[Round "8.5"]
[White "Peng,Li Min"]
[Black "Bortnik,N"]
[Result "1-0"]
[WhiteElo "2320"]
[BlackElo "2432"]

1.e4 a6 2.d4 b5 3.Nf3 Bb7 4.Bd3 d6 5.a4 b4 6.O-O Nd7 7.c3 Ngf6 8.Re1 bxc3
9.Nxc3 e5 10.Bc4 Be7 11.Qb3 exd4 12.Bxf7+ Kf8 13.Nxd4 Nc5 14.Qa2 Bc8 15.Rd1
Bd7 16.b4 Nb7 17.Be6 c5 18.bxc5 Nxc5 19.Bxd7 Qxd7 20.Ba3 Ke8 21.Nf5 g6
22.Nxd6+ Bxd6 23.Bxc5 Bxc5 24.Rxd7 Nxd7 25.Qe6+ Kd8 26.Rd1 Ra7 27.Qf6+ {#r}
1-0

[Event "B00"]
[Site "Cleanchess.com Lutsk UKR"]
[Date "2018.02.17"]
[Round "6.6"]
[White "Oleksiyenko,Mykhaylo"]
[Black "Mikhaletz,L"]
[Result "1-0"]
[WhiteElo "2609"]
[BlackElo "2416"]

1.e4 Nc6 2.Nf3 d6 3.d4 Nf6 4.Nc3 g6 5.d5 Nb8 6.h3 Bg7 7.Be2 c6 8.a4 O-O 9.O-O
e6 10.dxe6 Bxe6 11.Ng5 d5 12.e5 Nfd7 13.f4 Qe7 14.Nxe6 fxe6 15.Be3 Na6 16.Bxa6
bxa6 17.Qd3 c5 18.Rad1 Kh8 19.Ne2 Nb6 20.b3 a5 21.Qb5 d4 22.Bd2 Nd5 23.c4 Rfb8
24.Qxa5 Nb4 25.Bxb4 Rxb4 26.Nc1 Bf8 27.Rf3 Rab8 28.Rdd3 g5 29.Na2 R4b7 30.Qd2
Bg7 31.g3 Rf8 32.Nc1 Rbb8 33.Ne2 Rf7 34.fxg5 Bxe5 35.Rxf7 Qxf7 36.Nf4 Bxf4
37.Qxf4 Qxf4 38.gxf4 Kg7 39.Kg2 Kg6 40.Kf3 Kf5 41.h4 a5 42.h5 Rb7 43.g6 hxg6
44.hxg6 Rg7 45.Rd1 Rxg6 46.Re1 Rh6 47.Re5+ {#r} 1-0

[Event "B01"]
[Site "Cleanchess.com Graz AUT"]
[Date "2018.02.18"]
[Round "2.7"]
[White "Dastan,B"]
[Black "Barle,J"]
[Result "1-0"]
[WhiteElo "2520"]
[BlackElo "2262"]

1.e4 d5 2.exd5 Nf6 3.d4 Bg4 4.Bb5+ Nbd7 5.f3 Bf5 6.Nc3 a6 7.Ba4 b5 8.Bb3 Nb6
9.Nge2 Nfxd5 10.Nxd5 Nxd5 11.Ng3 Bc8 12.a4 Bb7 13.O-O e6 14.Qe2 Qd7 15.f4 g6
16.Ne4 O-O-O 17.axb5 axb5 18.c3 Be7 19.Bc2 f5 20.Nf2 g5 21.fxg5 h6 22.Re1 Bxg5
23.Bxg5 hxg5 24.Qxe6 Qxe6 25.Rxe6 Nf4 26.Re5 {#r} 1-0

[Event "B01"]
[Site "Cleanchess.com Djenovici MNE"]
[Date "2018.02.17"]
[Round "1.4"]
[White "Sukovic,Andrej"]
[Black "Ostojic,N1"]
[Result "0-1"]
[WhiteElo "2262"]
[BlackElo "2449"]

1.e4 d5 2.exd5 Qxd5 3.Nc3 Qa5 4.d4 Nf6 5.Bc4 Bf5 6.Nf3 e6 7.Bd2 Bb4 8.a3 Bxc3
9.Bxc3 Qb6 10.Qe2 O-O 11.O-O-O Nc6 12.Ne5 Rfd8 13.Nxc6 Qxc6 14.f3 Nd5 15.Bxd5
Rxd5 16.g4 Bg6 17.h4 h5 18.Rdg1 a5 19.f4 hxg4 20.Qxg4 Rh5 21.f5 exf5 22.Qf4 b5
23.Kb1 Re8 24.Bxa5 Re4 25.Qxc7 Qxc7 26.Bxc7 Rxd4 27.Rf1 Rhxh4 28.Rxh4 Rxh4
29.Rf4 Rxf4 30.Bxf4 f6 31.b3 Be8 32.Kc1 g5 33.Bd2 f4 34.Kd1 Kf7 35.Ke2 Ke6
36.c4 bxc4 37.bxc4 Kf5 38.Bc3 g4 39.Kf2 Bc6 40.Bd4 g3+ 41.Kf1 f3 42.Bc3 Be4
{#R} 0-1

[Event "B01"]
[Site "Cleanchess.com Lutsk UKR"]
[Date "2018.02.16"]
[Round "6.4"]
[White "Bortnik,N"]
[Black "Sergeev,Vl"]
[Result "1-0"]
[WhiteElo "2432"]
[BlackElo "2414"]

1.e4 d5 2.exd5 Qxd5 3.Nc3 Qd6 4.d4 Nf6 5.Bd3 c6 6.Nge2 Bg4 7.f3 Bh5 8.Bf4 Qb4
9.a3 Qa5 10.b4 Qd8 11.b5 e6 12.O-O c5 13.Ne4 Nd5 14.Bg5 Qc7 15.c4 Nb6 16.Bf4
Qc8 17.Bd6 N8d7 18.a4 a5 19.Kh1 Bg6 20.dxc5 Nxc5 21.Nxc5 Bxd6 22.Nxb7 Qxb7
23.Bxg6 Qc7 24.Be4 Rd8 25.Bc6+ Ke7 26.Qc1 Nd7 27.Qg5+ Kf8 28.Rfd1 Nc5 29.Nd4
h6 30.Qe3 g6 31.Rab1 Kg7 32.b6 Qb8 33.b7 Kh7 34.Nb5 Bf4 35.Qxc5 Bxh2 36.Rxd8
Rxd8 37.Qe7 Kg8 38.Qxd8+ Qxd8 39.Kxh2 Qb8+ 40.Kh1 Kg7 41.Nc7 Qxc7 42.b8=Q Qxc6
43.Qe5+ Kh7 44.Rb8 g5 45.Qf6 Qd6 46.Rh8# 1-0

[Event "B01"]
[Site "Cleanchess.com   INT"]
[Date "2018.02.14"]
[Round "6"]
[White "Perez,Max"]
[Black "Gonzalez,Ren"]
[Result "0-1"]
[WhiteElo "2399"]
[BlackElo "2451"]

1.e4 d5 2.exd5 Qxd5 3.Nc3 Qa5 4.d4 c6 5.Bc4 Bf5 6.Nf3 e6 7.Bd2 Nd7 8.Nd5 Qd8
9.Ne3 Bg6 10.Qe2 Be7 11.h4 h6 12.O-O-O Ngf6 13.Ne5 Nxe5 14.dxe5 Nd5 15.Nxd5
cxd5 16.Bb5+ Kf8 17.h5 Bh7 18.Rh3 Rc8 19.Bd3 Bxd3 20.Qxd3 Qc7 21.f4 Qc4
22.Qxc4 Rxc4 23.b3 Rc6 24.Kb2 f5 25.g4 fxg4 26.Rg3 Kf7 27.Rxg4 Rhc8 28.c3 b5
29.Rdg1 Bf8 30.Rc1 a5 31.Rg6 b4 32.cxb4 Rxc1 33.Bxc1 Bxb4 34.Rg3 d4 35.Rd3 g6
36.f5 exf5 37.hxg6+ Kxg6 38.Rg3+ Kf7 39.Bxh6 Ke6 40.Bf4 Kd5 41.Rf3 Ke4 42.Rf1
d3 43.a3 Bc3+ 44.Kb1 Rb8 45.b4 axb4 46.e6 Re8 47.axb4 Ra8 {#R} 0-1

[Event "B01"]
[Site "Cleanchess.com   INT"]
[Date "2018.02.14"]
[Round "6"]
[White "Anand,V"]
[Black "Demidov,M"]
[Result "1-0"]
[WhiteElo "2767"]
[BlackElo "2523"]

1.e4 d5 2.exd5 Qxd5 3.Nc3 Qd6 4.d4 Nf6 5.Nf3 a6 6.Bd3 Bg4 7.h3 Bh5 8.O-O Nc6
9.Ne4 Nxe4 10.Bxe4 e6 11.c3 Bg6 12.Bxc6+ Qxc6 13.Ne5 Qb6 14.c4 O-O-O 15.Be3 c5
16.d5 Bd6 17.Nxg6 hxg6 18.Qg4 Rhe8 19.b3 Kb8 20.Rad1 e5 21.f4 exf4 22.Bxf4 Re7
23.Qg3 Bxf4 24.Qxf4+ Qd6 25.Qxd6+ Rxd6 26.Rfe1 Rdd7 27.Rxe7 Rxe7 28.Kf2 Kc8
29.Re1 Rxe1 30.Kxe1 Kd7 31.Ke2 Kd6 32.Kf3 Ke5 33.Ke3 Kf5 34.Kf3 Ke5 35.Kg4 b6
36.a4 f6 37.h4 a5 38.h5 f5+ 39.Kg5 gxh5 40.Kxh5 Kf6 41.d6 Ke6 42.Kg5 Kxd6
43.Kxf5 Ke7 44.Kg6 Kf8 45.g4 Kg8 46.Kg5 Kh7 47.Kf4 Kg6 48.g5 Kh5 49.Kf5 Kh4
50.Kg6 Kg4 51.Kxg7 Kxg5 52.Kf7 Kf5 53.Ke7 Ke5 54.Kd7 Kd4 55.Kc6 Kc3 56.Kxb6
Kb4 57.Kc6 Kxb3 58.Kb5 {#r} 1-0

[Event "B06"]
[Site "Cleanchess.com Lutsk UKR"]
[Date "2018.02.16"]
[Round "9.6"]
[White "Budnikov,O"]
[Black "Roshka,Yevgeniy"]
[Result "1-0"]
[WhiteElo "2422"]
[BlackElo "2358"]

1.e4 g6 2.Nc3 Bg7 3.d4 c6 4.Bc4 d5 5.exd5 b5 6.Bb3 b4 7.Ne4 cxd5 8.Nc5 Nc6
9.Nf3 Nf6 10.Ba4 Bd7 11.Nxd7 Qxd7 12.Ne5 Nxe5 13.Bxd7+ Nexd7 14.O-O O-O 15.a3
a5 16.axb4 axb4 17.Rxa8 Rxa8 18.Qe1 Ne4 19.Qxb4 e6 20.f3 Nef6 21.c3 Bf8 22.Qb3
Rb8 23.Qc2 Nb6 24.Bf4 Ra8 25.b3 Rc8 26.Ra1 Nfd7 27.Qd3 f6 28.Be3 f5 {#r} 1-0

[Event "B06"]
[Site "Cleanchess.com Neustadt an der Weinstrasse GER"]
[Date "2018.02.13"]
[Round "9.18"]
[White "Souleidis,G"]
[Black "Karaokcu,Erkin"]
[Result "1-0"]
[WhiteElo "2412"]
[BlackElo "2215"]

1.e4 g6 2.d4 Bg7 3.Nf3 d6 4.Bc4 Nf6 5.Qe2 O-O 6.O-O Nc6 7.h3 e5 8.dxe5 Nxe5
9.Nxe5 dxe5 10.Rd1 Qe7 11.Bg5 Be6 12.Nc3 c6 13.Rd2 Rfd8 14.Bxe6 Qxe6 15.Rad1
Rxd2 16.Qxd2 Bf8 17.a3 Bc5 18.Be3 Bb6 19.Bxb6 axb6 20.Qd6 Qxd6 21.Rxd6 Kg7
22.f3 Kf8 23.Rxf6 Ke7 24.Nd5+ cxd5 25.Rxb6 dxe4 26.Rxb7+ Ke6 27.fxe4 Rd8
28.Rb6+ Ke7 29.a4 Rd4 30.a5 Rxe4 31.b4 Re1+ 32.Kf2 Ra1 33.a6 {#r} 1-0

[Event "B06"]
[Site "Cleanchess.com   INT"]
[Date "2018.02.14"]
[Round "6"]
[White "Obregon,A"]
[Black "Gonzalez,Ren"]
[Result "1-0"]
[WhiteElo "2514"]
[BlackElo "2451"]

1.e4 g6 2.d4 Bg7 3.Nc3 c6 4.Be3 d5 5.e5 f6 6.f4 Nh6 7.Nf3 O-O 8.Be2 Bg4 9.h3
Bxf3 10.Bxf3 fxe5 11.dxe5 Nf5 12.Bf2 e6 13.O-O Nd7 14.Qd3 Qe7 15.Ne2 Kh8
16.Rae1 Nh4 17.Bg4 Nf5 18.g3 Rf7 19.h4 Nc5 20.Qa3 Ne4 21.Qxe7 Rxe7 22.h5 Nd2
23.hxg6 hxg6 24.Bc5 Nxf1 25.Bxe7 N1xg3 26.Nxg3 Nxe7 27.Bxe6 Rf8 28.Ne2 g5
29.Kg2 Kh7 30.Kg3 Bh6 31.f5 Nxf5+ 32.Bxf5+ Rxf5 33.Nd4 Rf8 34.e6 Bg7 35.e7 Re8
36.Nf5 Bf6 37.Kg4 Kg6 38.c3 c5 39.Re6 Kf7 40.Rd6 Bxe7 41.Rd7 Ke6 42.Rxb7 Bf6
43.Rxa7 d4 44.Ra6+ Ke5 45.cxd4+ cxd4 46.Nxd4 Kxd4 47.Rxf6 Rb8 48.Rf2 Rb5 49.b3
Kc3 50.Rf5 Rb4+ 51.Kxg5 Kb2 52.Rf2+ Ka3 53.Rf4 Rb8 54.Ra4+ Kb2 55.Kf4 Re8
56.b4 Kc3 57.a3 Kb3 58.Ra5 Kc4 59.Re5 Ra8 60.Re3 Kb5 61.Kf3 Ka4 62.Ke2 Rh8
63.Rd3 Rh2+ 64.Ke3 Rh3+ 65.Kd4 Rh4+ 66.Kc5 Rh5+ 67.Rd5 Rh3 68.b5 Rc3+ 69.Kb6
Kxa3 70.Rd4 Rb3 71.Ka6 Kb2 72.Rc4 Rh3 73.b6 Rh6 74.Ka7 Kb3 75.Rc1 {#r} 1-0

[Event "B06"]
[Site "Cleanchess.com   INT"]
[Date "2018.02.14"]
[Round "6"]
[White "He,Anthony"]
[Black "Bortnyk,Olexandr"]
[Result "0-1"]
[WhiteElo "2246"]
[BlackElo "2610"]

1.e4 g6 2.d4 Bg7 3.Nc3 d6 4.Nf3 a6 5.a4 Nf6 6.Be2 O-O 7.O-O Nc6 8.Re1 Bg4
9.Be3 e5 10.dxe5 dxe5 11.Qxd8 Rfxd8 12.Rad1 Bxf3 13.Bxf3 Nd4 14.Bxd4 exd4
15.Nd5 Nd7 16.Bg4 Ne5 17.Bh3 c5 18.Nb6 Ra7 19.Nc8 Ra8 20.Nb6 Rab8 21.f4 Rd6
22.a5 Rxb6 23.axb6 Nc4 24.b3 Nxb6 25.g3 a5 26.Bf1 a4 27.Ra1 d3 28.Bxd3 Bxa1
29.Rxa1 axb3 30.cxb3 Rd8 31.Bf1 Rd4 32.Ra7 Rxe4 33.Rxb7 Rb4 34.Rc7 Rxb3
35.Rxc5 Re3 36.Kf2 Re6 37.Rb5 Rd6 38.Rb2 Kg7 39.Be2 h5 40.Rc2 Nd7 41.Ke3 Nf6
42.Rd2 Re6+ 43.Kf3 Re7 44.Ra2 Ne4 45.Bd3 Nc3 46.Rc2 Nd5 47.Be4 Nf6 48.Re2 Rc7
49.Rc2 Ra7 50.Bd3 Ra3 51.Ke2 h4 52.Rc7 Ra2+ 53.Rc2 Ra3 54.Rd2 Ng4 55.h3 Nf6
56.gxh4 Nh5 57.f5 gxf5 58.Kf2 Kf6 59.Bf1 Ng3 60.Bg2 Ne4+ 61.Bxe4 fxe4 62.Kg2
Ke5 63.h5 Ra8 64.Rd7 Ra2+ 65.Kf1 f5 66.Kg1 Ra6 67.Re7+ Kf4 68.Rh7 Kf3 69.Rf7
f4 70.Rf5 e3 71.Re5 e2 72.Kh2 Ra2 73.Kg1 Ra1+ 74.Kh2 e1=Q 75.Rxe1 Rxe1 76.h6
Re6 77.h7 Rh6 78.h8=Q Rxh8 79.h4 Rxh4+ 80.Kg1 Rh5 81.Kf1 Rh1# 0-1

[Event "B07"]
[Site "Cleanchess.com Lutsk UKR"]
[Date "2018.02.16"]
[Round "4.3"]
[White "Bernadskiy,V"]
[Black "Mikhaletz,L"]
[Result "0-1"]
[WhiteElo "2588"]
[BlackElo "2416"]

1.e4 Nc6 2.Nf3 d6 3.d4 Nf6 4.c3 g6 5.Bd3 Bg7 6.O-O O-O 7.h3 e5 8.Re1 Re8
9.dxe5 Nxe5 10.Nxe5 dxe5 11.Qc2 Be6 12.Nd2 Nh5 13.Nf3 Nf4 14.Bxf4 exf4 15.Rad1
c6 16.e5 Qc7 17.Be4 h6 18.c4 Rad8 19.Rxd8 Rxd8 20.Qc1 g5 21.Bb1 Kf8 22.b3 Kg8
23.Kh2 Kf8 24.a3 Ke7 25.Qb2 a5 26.Re2 Rd7 {#R} 0-1

[Event "B07"]
[Site "Cleanchess.com Djenovici MNE"]
[Date "2018.02.18"]
[Round "2.3"]
[White "Lazic,Mir"]
[Black "Sukovic,Andrej"]
[Result "1-0"]
[WhiteElo "2496"]
[BlackElo "2262"]

1.g3 Nf6 2.Bg2 g6 3.e4 d6 4.d4 Bg7 5.Nc3 O-O 6.h3 e5 7.Nge2 Re8 8.Be3 c6 9.a4
Nbd7 10.Qd2 exd4 11.Bxd4 Ne5 12.b3 Qa5 13.Rd1 g5 14.f3 h6 15.O-O Ng6 16.Rf2
Qc7 17.f4 g4 18.h4 d5 19.exd5 Bf5 20.Bxf6 Bxf6 21.Nd4 Bd7 22.f5 Nxh4 23.gxh4
Qg3 24.Qxh6 Bxh4 25.Re2 Rxe2 26.Ncxe2 Qf2+ 27.Kh1 c5 {#r} 1-0

[Event "B07"]
[Site "Cleanchess.com   INT"]
[Date "2018.02.14"]
[Round "6"]
[White "Roberson,P"]
[Black "Le Roux,JP"]
[Result "0-1"]
[WhiteElo "2412"]
[BlackElo "2554"]

1.e4 g6 2.d4 Bg7 3.Nc3 d6 4.Be3 a6 5.f3 Nd7 6.h4 h6 7.Qd2 b5 8.O-O-O Bb7 9.Bd3
c5 10.d5 Qa5 11.a3 Rc8 12.Nb1 b4 13.Bc4 Nb6 14.Qe2 Na4 15.b3 bxa3 16.c3 Nxc3
17.Nxc3 Qxc3+ 18.Qc2 Qxe3+ 19.Kb1 Nf6 20.Ne2 h5 21.Ka2 O-O 22.Rd3 Qh6 23.Kxa3
a5 24.g4 hxg4 25.fxg4 Nxg4 26.Rg3 Ne3 27.Qd3 Nxc4+ 28.bxc4 Be5 29.Rg2 Kh8
30.Ng3 e6 31.Qf3 Ba6 32.dxe6 fxe6 33.Qg4 Qe3+ 34.Ka4 Rb8 {#R} 0-1

[Event "B07"]
[Site "Cleanchess.com Lutsk UKR"]
[Date "2018.02.16"]
[Round "12.8"]
[White "Khaetsky,R"]
[Black "Ianov,V"]
[Result "0-1"]
[WhiteElo "2381"]
[BlackElo "2292"]

1.e4 d6 2.d4 Nf6 3.Nc3 c6 4.a4 g6 5.g3 Nbd7 6.Bg2 e5 7.Nge2 Bg7 8.h3 h5 9.Be3
O-O 10.O-O b6 11.Qd2 Bb7 12.Rad1 a6 13.f4 b5 14.dxe5 dxe5 15.f5 b4 16.Na2 c5
17.Qd3 Qc7 18.Qc4 gxf5 19.Rxf5 Rfc8 20.Bg5 Nb6 21.Qb3 Nxe4 22.a5 Nxg5 23.axb6
Qxb6 24.Qe3 Bxg2 25.Kxg2 Qc6+ 26.Kh2 Ne6 27.Rdf1 Rc7 28.Ng1 e4 29.Rxh5 Rd8
30.Nc1 Qd6 31.Nce2 Nd4 32.Rg5 f5 33.Nf4 Qh6 34.Nh5 Kh8 35.Qf4 Ne6 {#R} 0-1

[Event "B07"]
[Site "Cleanchess.com   INT"]
[Date "2018.02.14"]
[Round "6"]
[White "Thorhallsson,T"]
[Black "Lagarde,Max"]
[Result "0-1"]
[WhiteElo "2418"]
[BlackElo "2586"]

1.e4 g6 2.d4 Bg7 3.Nc3 d6 4.Be3 a6 5.Qd2 Nd7 6.f4 b5 7.Nf3 Bb7 8.e5 e6 9.Be2
Ne7 10.O-O Nb6 11.b3 O-O 12.Bd3 Nf5 13.Kh1 Rc8 14.Bg1 c5 15.dxc5 dxc5 16.Rad1
Qc7 17.Qf2 b4 18.Ne4 Nd5 19.Qxc5 Nxf4 20.Qxb4 Nxd3 21.cxd3 Rfd8 22.Bb6 Bf8
23.Qa5 Qb8 24.Bxd8 Rxd8 25.Nf6+ Kg7 26.Qd2 h6 27.Qf4 Bc5 28.Rfe1 a5 29.Ne4 Bb4
30.Rf1 Qa7 31.Nh4 Qd4 32.g4 Bxe4+ 33.dxe4 Qxd1 34.Nxf5+ gxf5 35.Rxd1 Rxd1+
36.Kg2 Rd2+ 37.Kf1 fxe4 38.Qf6+ Kg8 39.g5 e3 40.gxh6 Rf2+ 41.Qxf2 exf2 42.Kxf2
Bc3 {#R} 0-1

[Event "B07"]
[Site "Cleanchess.com Budapest HUN"]
[Date "2018.02.13"]
[Round "9.2"]
[White "Havasi,Gergo"]
[Black "Annaberdiev,M"]
[Result "0-1"]
[WhiteElo "2370"]
[BlackElo "2479"]

1.e4 d6 2.d4 Nf6 3.Nc3 e5 4.dxe5 dxe5 5.Qxd8+ Kxd8 6.Bc4 Ke8 7.Nf3 Bd6 8.Bg5
Nbd7 9.O-O-O a6 10.a4 h6 11.Bh4 b6 12.Rhe1 Rb8 13.Nd5 b5 14.Bxf6 Nxf6 15.Nxf6+
gxf6 16.axb5 axb5 17.Bd5 Bc5 18.Re2 Rb6 19.Nh4 Ra6 20.Kb1 c6 21.Bb3 Ke7
22.Red2 Ra7 23.f3 Rg8 24.g4 Be6 25.Nf5+ Bxf5 26.exf5 e4 27.fxe4 Rxg4 28.Re2
Bd6 29.Red2 Be5 30.Rd8 c5 31.c4 bxc4 32.Bxc4 Rg2 33.R8d2 Rxh2 34.Rxh2 Bxh2
35.Rd5 Bd6 36.Rd3 Bf4 37.Kc2 Ra1 38.Bb5 Ra7 39.Kc3 Be5+ 40.Kc4 Bxb2 41.Kxc5
Kf8 42.Kb6 Re7 43.Bc6 Be5 44.Rh3 Kg7 45.Rh4 Rc7 46.Rg4+ Kh7 47.Rh4 Re7 48.Bd5
Bg3 49.Rh3 Bf4 50.Bc6 Kg7 51.Ka6 Rc7 52.Kb6 Rc8 53.Rh4 Bg5 54.Rh3 Rh8 55.Rh5
Kf8 56.Bd5 Ke7 57.Kc5 Rc8+ 58.Kd4 Bf4 59.Kd3 Rc7 60.Rh4 Bg5 61.Rh1 Kd6 62.Kd4
Ra7 63.Bb3 Rc7 64.Bd5 Bf4 65.Rh4 Bc1 66.Rh1 Bg5 67.Rh2 Ke7 68.Rh3 Rc1 69.Kd3
Rd1+ 70.Kc2 Ra1 71.Kb2 Ra7 72.Kc2 Kd6 73.Rh1 Ke5 74.Kb3 Rc7 75.Kb4 Kf4 76.Kb5
Kg4 77.Kb6 Rc1 78.Rh2 h5 79.Bxf7 h4 80.Bd5 Be3+ 81.Kb7 Bf4 82.Rg2+ Bg3 83.e5
fxe5 84.f6 h3 85.f7 Rf1 86.Rg1 Rf6 87.Be6+ Kh4 88.Rh1 h2 89.Bd5 Kg5 90.Kc8 Kg6
91.Kd7 Rxf7+ 92.Bxf7+ Kxf7 93.Kd6 Kf6 94.Kd5 Kf5 95.Rf1+ Bf4 96.Rb1 Be3
97.Rf1+ Kg4 98.Rh1 Bf4 99.Ke4 Kg3 100.Rb1 Kf2 101.Rb2+ Kf1 102.Rb1+ Ke2
103.Rh1 Bg3 104.Rb1 Kf2 105.Ra1 Kg2 106.Ra2+ Kf1 107.Ra1+ Be1 108.Kxe5 h1=Q
{#R} 0-1

[Event "B08"]
[Site "Cleanchess.com Newcastle ENG"]
[Date "2018.02.14"]
[Round "1.7"]
[White "Hebden,M"]
[Black "Macklin,Paul"]
[Result "1-0"]
[WhiteElo "2454"]
[BlackElo "2307"]

1.d4 Nf6 2.Nf3 d6 3.Nc3 g6 4.e4 Nc6 5.Bb5 a6 6.Bxc6+ bxc6 7.h3 Bg7 8.O-O O-O
9.Be3 Rb8 10.Rb1 Nd7 11.Qd2 Re8 12.b3 Bb7 13.Bh6 Bh8 14.Ng5 e6 15.f4 f6 16.Nf3
f5 17.Bg5 Qc8 18.Rfe1 fxe4 19.Nxe4 c5 20.dxc5 Bxe4 21.Rxe4 Nxc5 22.Rc4 Qb7
23.Qe3 Qd5 24.Nh2 h5 25.Bh4 Rf8 26.Nf3 Rbe8 27.Bg3 Bf6 28.Qe2 a5 29.Rd1 Qf5
30.Bf2 e5 31.Bxc5 exf4 32.Qd3 Qxd3 33.Rxd3 dxc5 34.Rxc5 Re7 35.Rxa5 Rfe8
36.Rc5 g5 37.Nxg5 Re1+ 38.Kh2 {#r} 1-0